Giáo trình từ vựng học Tiếng Việt : Giáo trình Cao đẳng Sư phạm

Sách phục vụ cho cả hai đối tượng cán bộ giảng dạy và sinh viên ngữ văn các trường cao đẳng sư phạm.

Đã lưu trong:
Sonraí Bibleagrafaíochta
Príomhúdar: Đỗ, Hữu Châu
Formáid: Leabhar
Teanga:Undetermined
Foilsithe: Hà Nội Đại học Sư phạm Hà Nội 2006
Ábhair:
Clibeanna: Cuir Clib Leis
Gan Chlibeanna, Bí ar an gcéad duine leis an taifead seo a chlibeáil!
Thư viện lưu trữ: Trung tâm Học liệu Trường Đại học Cần Thơ
LEADER 00970nam a2200253Ia 4500
001 CTU_120340
008 210402s9999 xx 000 0 und d
020 |c 36000 
082 |a 495.9225 
082 |b Ch125 
100 |a Đỗ, Hữu Châu 
245 0 |a Giáo trình từ vựng học Tiếng Việt : 
245 0 |b Giáo trình Cao đẳng Sư phạm 
245 0 |c Đỗ Hữu Châu 
260 |a Hà Nội 
260 |b Đại học Sư phạm Hà Nội 
260 |c 2006 
520 |a Sách phục vụ cho cả hai đối tượng cán bộ giảng dạy và sinh viên ngữ văn các trường cao đẳng sư phạm. 
526 |a Từ vựng học tiếng Việt 
526 |b SG295 
650 |a Vietnamese language,Vietnamese language 
650 |x Glossaries, vocabularies, etc,Outlines, syllabi, etc 
904 |i Hiếu 
980 |a Trung tâm Học liệu Trường Đại học Cần Thơ